Miasta przy Drodze Krajowej nr 13 - Statystyki

Ogólne statystyki
  • Ten quiz został rozwiązany 36 razy
  • Średni wynik to 8 z 12
Statystyki odpowiedzi
Ludność Województwo Miasto % Poprawnych
61 928 Warmińsko-Mazurskie Ełk
92%
33 216 Warmińsko-Mazurskie Ostróda
92%
94 368 Kujawsko-Pomorskie Grudziądz
88%
171 979 Warmińsko-Mazurskie Olsztyn
88%
30 153 Podlaskie Augustów
79%
21 952 Warmińsko-Mazurskie Mrągowo
79%
33 128 Warmińsko-Mazurskie Iława
75%
3 852 Warmińsko-Mazurskie Mikołajki
58%
2 183 Warmińsko-Mazurskie Kisielice
50%
7 472 Warmińsko-Mazurskie Barczewo
46%
5 615 Warmińsko-Mazurskie Orzysz
46%
3 197 Kujawsko-Pomorskie Łasin
38%
Nie znaleziono quizów pasujących do podanych kryteriów
Rozkład punktacji
Procent ludzi z każdym wynikiem
Percentyl według liczby udzielonych odpowiedzi
Twoja historia wyników
Nie rozwiązałeś tego quizu